000
00270nam a2200097Ia 4500
001
695436
005
20250826161952.0
008
250824s9999 xx 000 0 und d
245
0
_a
KİBARLIK BUDALASI-SEVDA DOKTORU (ANTİK)
_c
MOLİERE
260
_b
ANTİK DÜNYA KLASİKLERİ
999
_c
695436
_d
695436